Normal view MARC view
  • Díaz Tepepa, María Guadalupe

Entry Nombre Personal

Number of records used in: 8

001 - NUMERO DE CONTROL

  • campo de control: 32384

003 - IDENTIFICADOR DE NUMERO DE CONTROL

  • campo de control: DLC

005 - FECHA Y HORA DE LA ÜLTIMA TRANSACCIÓN

  • campo de control: 20230529120918.0

008 - DATOS DE LONGITUD FIJA

  • campo de control de longitud fija: 230529n| acannaabn |a aaa c

010 ## - NÚMERO DE CONTROL DE LA BIBLIOTECA DEL CONGRESO

  • Número de control LC: no2002034821

035 ## - NUMERO DE CONTROL

  • Número de control: (OCoLC)oca05744782

040 ## - FUENTE DE CATALOGACIÓN

  • Agencia original de catalogación: TNJ
  • Lenguaje de catalogación: spa
  • Agencia de transcripción: TNJ
  • Agencia que lo modifica: MX-MxUPN

100 1# - ENCABEZAMIENTO - NOMBRE PERSONAL

  • Nombre personal: Díaz Tepepa, María Guadalupe

372 ## - CAMPO DE ACTIVIDAD

  • Field of activity: Saberes Prácticos Interculturales y Educación
  • Field of activity: Didáctica de la Cosmovisión

373 ## - GRUPO ASOCIADO

  • Associated group: Universidad Pedagógica Nacional (México)

374 ## - OCUPACIÓN

  • Occupation: Profesora universitaria

400 1# - VEÁSE - NOMBRE DE PERSONA

  • Personal name: Tepepa, María Guadalupe Díaz

670 ## - FUENTE EN LA QUE SE LOCALIZARON DATOS

  • Cita de la fuente: Técnica y tradición, 2001:
  • Información localizada: portada (María Guadalupe Díaz Tepepa) solapa delantera (has Ph. D. in educational sciences from Universidad de Navarra, 1998; professor in the Universidad Pedagógica Nacional and in Posgrado en Pedagogía of the Universidad Nacional Autónoma de México)

670 ## - FUENTE EN LA QUE SE LOCALIZARON DATOS

  • Cita de la fuente: En el sitio web de la UPN, 29 mayo 2023:
  • Información localizada: (María Guadalupe Díaz Tepepa; Formación académica: Doctora en Filosofía (Ciencias de la Educación) por la Universidad de Navarra, España; Líneas de investigación: Saberes Prácticos Interculturales y Educación, Didáctica de la Cosmovisión. Publicaciones recientes: Hermenéutica, Antropología y Multiculturalismo en la Educación. (Coord.) SEP/ UPN/ CONACYT. México, 2008, 199 pp. ISBN: 978 – 607 – 413 -007 -2 Técnica y Tradición. Etnografía de la Escuela rural y de su contexto familiar y comunitario. Plaza y Valdés/ El Colegio de Puebla, A.C. México, 2001, 282 pp. ISBN: 968-856-961-5 ; Interculturalidad, saberes campesinos y educación. Un debate con la diversidad cultural. El Colegio de Tlaxcala/ SEFOA/ Heinrich Böll Stiftung. México, 2004 .209 pp. ISBN: 968-839-427-09)
  • Uniform Resource Identifier: https://upn.mx/index.php/25-profesores/226-maria-guadalupe-diaz-tepepa

902 ## - CATALOGADOR

  • Catalogador: NDAF/290523